书目信息 |
| 题名: |
西方诠释学史
|
|
| 作者: | 潘德荣 著 | |
| 分册: | ||
| 出版信息: | 北京 北京大学出版社 2016.09 |
|
| 页数: | 549页 | |
| 开本: | 25cm | |
| 丛书名: | 爱智文丛 | |
| 单 册: | ||
| 中图分类: | B089.2-091 | |
| 科图分类: | ||
| 主题词: | 阐释学--思想史--西方国家 | |
| 电子资源: | ||
| ISBN: | 978-7-301-27287-9 | |
| 000 | 01174oam2 2200301 450 | |
| 001 | 0120162020717 | |
| 005 | 20170911100456.43 | |
| 010 | @a978-7-301-27287-9@b精装@dCNY89.00 | |
| 100 | @a20161103d2016 em y0chiy50 ea | |
| 101 | 0 | @achi |
| 102 | @aCN@b110000 | |
| 105 | @ay z 001yy | |
| 106 | @ar | |
| 200 | 1 | @a西方诠释学史@9xi fang quan shi xue shi@f潘德荣著 |
| 205 | @a2版 | |
| 210 | @a北京@c北京大学出版社@d2016.09 | |
| 215 | @a549页@d25cm | |
| 225 | 2 | @a爱智文丛 |
| 312 | @a封面英文题名:The history of western hermeneutics | |
| 330 | @a本书完整地论述了西方诠释学的发展史,时间跨度从古代希腊到后现代,通过大量可靠的第一、二手研究资料完整地勾画出了西方诠释学发展史的主流线索;通过梳理阐明了诠释学发展的内在逻辑,突出强调了古典阐释学和方法论诠释学的意义和价值;该书特别关注到目前国内学界较少涉及的《圣经》阐释学,以及贝蒂、赫施和马克思主义阐释学。 | |
| 333 | @a哲学爱好者 | |
| 461 | 0 | @12001 @a爱智文丛 |
| 510 | 1 | @aHistory of western hermeneutics@zeng |
| 606 | 0 | @a阐释学@x思想史@x西方国家 |
| 690 | @aB089.2-091@v5 | |
| 701 | 0 | @a潘德荣@9pan de rong@f(1951-)@4著 |
| 801 | 0 | @aCN@b人天书店@c20161103 |
| 905 | @b1070842-47@dB089.2-091@e89=2@f6 | |
| 西方诠释学史/潘德荣著.-2版.-北京:北京大学出版社,2016.09 |
| 549页;25cm.-(爱智文丛) |
| 使用对象:哲学爱好者 |
| ISBN 978-7-301-27287-9(精装):CNY89.00 |
| 本书完整地论述了西方诠释学的发展史,时间跨度从古代希腊到后现代,通过大量可靠的第一、二手研究资料完整地勾画出了西方诠释学发展史的主流线索;通过梳理阐明了诠释学发展的内在逻辑,突出强调了古典阐释学和方法论诠释学的意义和价值;该书特别关注到目前国内学界较少涉及的《圣经》阐释学,以及贝蒂、赫施和马克思主义阐释学。 |
| ● |
| 相关链接 |
|
|
|
|
正题名:西方诠释学史
索取号:B089.2-091/89=2
 
预约/预借
| 序号 | 登录号 | 条形码 | 馆藏地/架位号 | 状态 | 备注 |
| 1 | 1070842 | 210708420 | 第一样本阅览室/ [索取号:B089.2-091/89=2] | 在馆 | |
| 2 | 1070843 | 210708439 | 密集书库-马院/ [索取号:B089.2-091/89=2] | 在馆 | |
| 3 | 1070844 | 210708448 | 第一借阅区/ [索取号:B089.2-091/89=2] | 在馆 | |
| 4 | 1070845 | 210708457 | 第一借阅区/ [索取号:B089.2-091/89=2] | 在馆 | |
| 5 | 1070846 | 210708466 | 第一借阅区/ [索取号:B089.2-091/89=2] | 在馆 | |
| 6 | 1070847 | 210708475 | 第一借阅区/ [索取号:B089.2-091/89=2] | 在馆 |